[Event "GER-chT U20 Girls "]
[Site "Chemnitz"]
[Date "2009.12.28"]
[Round "4.2"]
[White "Brustina, Valeriya"]
[Black "Frey, Alisa"]
[Result "0-1"]
[WhiteElo "1353"]
[BlackElo "2038"]
[PlyCount "104"]
[EventDate "2009.12.27"]
[EventType "team-swiss"]
[EventRounds "7"]
[EventCountry "GER"]
[SourceTitle "EXT 2022"]
[Source "ChessBase"]
[SourceDate "2021.10.06"]
[SourceVersion "1"]
[SourceVersionDate "2021.10.06"]
[SourceQuality "1"]
[WhiteTeam "Duesseldorf SF 75 U20 Girls"]
[BlackTeam "Mainz Schott U20 Girls"]
[WhiteTeamCountry "GER"]
[BlackTeamCountry "GER"]

1. c4 e5 2. Nc3 Nf6 3. g3 d5 4. e3 c5 5. d4 dxc4 6. dxe5 Qxd1+ 7. Nxd1 Ng4 8. f4 Bd7 9. Bg2 Bc6 10. Nf3 Na6 11. a3 0-0-0 12. Nf2 Nxf2 13. Kxf2 Nc7 14. Ng5 Bxg2 15. Kxg2 Rd7 16. e4 h6 17. Nf3 Be7 18. Be3 Rd3 19. Kf2 c3 20. bxc3 Rxc3 21. Rhc1 Rxc1 22. Rxc1 b6 23. a4 Rd8 24. Ke2 Kb7 25. h4 Na6 26. f5 Nb4 27. f6 Bf8 28. a5 Re8 29. Nd2 Rxe5 30. fxg7 Bxg7 31. axb6 axb6 32. Nc4 Re6 33. Rd1 Kc6 34. Kf3 Nc2 35. Rd5 Nxe3 36. Kxe3 Bd4+ 37. Kf3 Kc7 38. Rf5 Rf6 39. Rxf6 Bxf6 40. e5 Be7 41. Ke4 Kc6 42. Ne3 b5 43. Nf5 Bf8 44. g4 b4 45. g5 hxg5 46. hxg5 b3 47. Kd3 Kd5 48. Nh6 c4+ 49. Kc3 Ke6 50. Ng4 Bg7 51. Ne3 Bxe5+ 52. Kd2 Bf4 0-1

[Event "GER-chT U14 Girls"]
[Site "Dittrichshuette"]
[Date "2005.12.27"]
[Round "1.1"]
[White "Brustina, Valeriya"]
[Black "Karmann, Anna"]
[Result "0-1"]
[WhiteElo "1376"]
[BlackElo "1659"]
[PlyCount "78"]
[EventDate "2005.12.27"]
[EventType "team-swiss"]
[EventRounds "6"]
[EventCountry "GER"]
[SourceTitle "CBM 110 Extra"]
[Source "ChessBase"]
[SourceDate "2006.03.10"]
[SourceVersion "2"]
[SourceVersionDate "2006.03.10"]
[SourceQuality "1"]
[WhiteTeam "Duesseldorf SF 75 U14 Girls"]
[BlackTeam "Porz SG U14 Girls"]
[WhiteTeamCountry "GER"]
[BlackTeamCountry "GER"]

1. d4 d5 2. g3 e6 3. Nf3 c5 4. c3 Nc6 5. Bg2 Nf6 6. Nbd2 Bd6 7. 0-0 0-0 8. Re1 cxd4 9. cxd4 Bb4 10. a3 Ba5 11. b4 Bb6 12. Bb2 Bd7 13. Qc2 Rc8 14. Qd3 Qe8 15. e4 dxe4 16. Nxe4 Nxe4 17. Rxe4 Ne7 18. Rh4 Ng6 19. Rh3 e5 20. g4 e4 21. Qe3 exf3 22. Qxf3 Rc2 23. Rb1 Qe2 24. Qxe2 Rxe2 25. Bxb7 Bxg4 26. Rg3 Bf5 27. Ba6 Rd2 28. Bc3 Rxd4 29. Bxd4 Bxb1 30. Bxb6 axb6 31. Rc3 Rd8 32. a4 Be4 33. f3 Bf5 34. Rc6 Rb8 35. Kf2 Bd7 36. b5 Bxc6 37. bxc6 Ne7 38. c7 Re8 39. Ke3 Nd5+ 0-1

[Event "NRW-ch U14 Girls"]
[Site "Kranenburg"]
[Date "2005.03.31"]
[Round "5"]
[White "Brustina, Valeriya"]
[Black "Czygan, Sirin"]
[Result "0-1"]
[WhiteElo "1364"]
[BlackElo "1449"]
[PlyCount "72"]
[EventDate "2005.03.28"]
[EventType "swiss"]
[EventRounds "7"]
[EventCountry "GER"]
[SourceTitle "CBM 105 Extra"]
[Source "ChessBase"]
[SourceDate "2005.05.01"]
[SourceVersion "1"]
[SourceVersionDate "2005.05.01"]
[SourceQuality "1"]

1. e4 c5 2. Nf3 Nc6 3. d4 cxd4 4. Nxd4 Nf6 5. Nc3 e6 6. Bg5 Be7 7. Nxc6 bxc6 8. Be2 Bb7 9. Bxf6 Bxf6 10. Qd3 0-0 11. 0-0 d5 12. exd5 cxd5 13. Rad1 Rc8 14. Bf3 Qb6 15. Na4 Qa5 16. Qb3 Bc6 17. Qa3 Qxa4 18. Qxa4 Bxa4 19. b3 Bb5 20. Rfe1 Rxc2 21. a4 Ba6 22. Rc1 Rxc1 23. Rxc1 Rc8 24. Rxc8+ Bxc8 25. b4 a6 26. Be2 Be7 27. b5 axb5 28. Bxb5 Bb4 29. Kf1 Kf8 30. Ke2 Ke7 31. Kd3 Bd7 32. f4 Bxb5+ 33. axb5 Kd6 34. Kd4 Bc5+ 35. Kd3 Bb6 36. g4 f5 0-1

[Event "SJNR-ch U18 Girls"]
[Site "Kranenburg"]
[Date "2005.01.04"]
[Round "3"]
[White "Rosenfeld, Elisabeth"]
[Black "Brustina, Valeriya"]
[Result "1-0"]
[WhiteElo "1084"]
[BlackElo "1426"]
[PlyCount "45"]
[EventDate "2005.01.03"]
[EventType "tourn"]
[EventRounds "5"]
[EventCountry "GER"]
[SourceTitle "EXT 2007"]
[Source "ChessBase"]
[SourceDate "2006.11.23"]
[SourceVersion "1"]
[SourceVersionDate "2006.11.23"]
[SourceQuality "1"]

1. e4 e5 2. Nf3 Nc6 3. Bc4 Nf6 4. 0-0 d5 5. exd5 Nxd5 6. Re1 Qd6 7. d4 Bg4 8. Qd3 Bxf3 9. Qxf3 Nxd4 10. Qd3 0-0-0 11. Nc3 Nb4 12. Qh3+ Qd7 13. Qxd7+ Rxd7 14. Rxe5 Ndxc2 15. Rb1 Bd6 16. Re4 f5 17. Rh4 Be5 18. Be6 Re8 19. Bxd7+ Kxd7 20. Bf4 Bxf4 21. Rxf4 g6 22. Rc1 Nd3 23. Rd1 1-0